All Animal Classes - Statistics

General Stats
  • This quiz has been taken 85 times
  • The average score is 13 of 97
Answer Stats
Phylum Class % Correct
Mammalia
89%
Reptilia
78%
Aves
73%
Amphibia
67%
Arachnida
58%
Insecta
58%
Cephalopoda
44%
Mollusca Gastropoda
42%
Bivalvia
33%
Chondrichthyes
27%
Malacostraca
24%
Scyphozoa
24%
Cubozoa
22%
Annelida Polychaeta
22%
Actinopterygii
20%
Asteroidea
18%
Chilopoda
18%
Demospongiae
18%
Polyplacophora
18%
Diplopoda
16%
Hydrozoa
16%
Myxini
16%
Cestoda
13%
Clitellata
13%
Echinodermata Crinoidea
13%
Hexactinellida
13%
Arthropoda Pycnogonida
13%
Remipedia
13%
Sarcopterygii
13%
Symphyla
13%
Branchiopoda
11%
Porifera Calcarea
11%
Echinoidea
11%
Hexacorallia
11%
Holothuroidea
11%
Cnidaria Octocorallia
11%
Ostracoda
11%
Pauropoda
11%
Staurozoa
11%
Platyhelminthes Turbellaria
11%
Homoscleromorpha
9%
Nuda
9%
Ophiuroidea
9%
Ctenophora Tentaculata
9%
Thecostraca
9%
Trematoda
9%
Aplacophora
7%
Appendicularia
7%
Ascidiacea
7%
Craniata
7%
Entognatha
7%
Hyperoartia
7%
Chordata Leptocardii
7%
Merostomata
7%
Monogenea
7%
Monoplacophora
7%
Thaliacea
7%
Nemertea Anopla
4%
Acanthocephala Archiacanthocephala
4%
Rotifera Bdelloidea
4%
Catenulida
4%
Cephalocarida
4%
Enopla
4%
Hemichordata Enteropneusta
4%
Eoacanthocephala
4%
Tardigrada Eutardigrada
4%
Gymnolaemata
4%
Hexanauplia
4%
Brachiopoda Lingulata
4%
Maxillopoda
4%
Palaeacanthocephala
4%
Bryozoa Phylactolaemata
4%
Polyacanthocephala
4%
Pterobranchia
4%
Rhynchonellata
4%
Chaetognatha Sagittoidea
4%
Scaphopoda
4%
Sipuncula
4%
Stenolaemata
4%
Allomalorhagida
2%
Ceriantharia
2%
Nematoda Chromadorea
2%
Kinorhyncha Cyclorhagida
2%
Enoplea
2%
Cycliophora Eucycliophora
2%
Nematomorpha Gordioida
2%
Heterotardigrada
2%
Malacosporea
2%
Monogononta
2%
Myxosporea
2%
Nectonematoida
2%
Planctosphaeroidea
2%
Polypodiozoa
2%
Dicyemida Rhombozoa
2%
Secernentea
2%
Seisonidea
2%
Onychophora Udeonychophora
2%
No matching quizzes found
Score Distribution
Percent of People with Each Score
Percentile by Number Answered
Your Score History
You have not taken this quiz